|
|
|
|
| LEADER |
00000cas a2200000 a 4500 |
| 003 |
Ucuenca |
| 005 |
20240113063600.0 |
| 008 |
007111|2007 ec |||||r|||||||||||spa|| |
| 040 |
|
|
|b spa
|
| 041 |
1 |
|
|a spa
|
| 082 |
0 |
|
|a 320.05
|b G844e
|
| 100 |
1 |
|
|a Ponce Cevallos, Javier.
|d 1948-
|9 30335
|
| 245 |
|
0 |
|a Temores y fervores de la transición
|c Javier Ponce
|h imp
|
| 264 |
|
|
|a Quito
|b Grupo Democracia y Desarrollo Local
|c Junio Julio 2007
|
| 300 |
|
|
|a páginas: 5-9
|b ilu
|
| 362 |
|
|
|a no. 12 (junio-julio 2007)
|
| 504 |
|
|
|a incl. ref.
|
| 650 |
1 |
|
|a Rafael correa
|9 196540
|
| 650 |
1 |
7 |
|a Economía ecuatoriana
|9 244
|
| 650 |
1 |
|
|a Revista entre voces
|9 198729
|
| 650 |
1 |
|
|9 59731
|a Rafael correa delgado
|
| 852 |
|
|
|a UC-CDJBV
|f Donación
|l 1
|m General
|p 20071112
|q 1,00
|r 2
|b 0
|d CDRC
|e CDRC
|g 320.05 G844e TERCER PISO (SECCION REVISTAS)
|z 2007-71-11
|
| 942 |
|
|
|c SERA
|
| 999 |
|
|
|c 151152
|d 151152
|